| 000 | 00823nam a2200217 a 4500 | ||
|---|---|---|---|
| 001 | 000017757 | ||
| 005 | 20200929165224.0 | ||
| 008 | 100331t2001 dr ac 000 0bspa d | ||
| 020 | _a9993423246 | ||
| 040 |
_aDO-SdBNP _bspa _cBNPHU |
||
| 082 |
_a923.27293 _bH344s |
||
| 100 | 1 |
_aSantana Mejía, Fidel Ernesto, _d1965- _938621 |
|
| 245 | 1 | 3 |
_aAmín Abel Hasbún : _bun gigante dormido / _cFidel Ernesto Santana Mejía ; prólogo Higinio Báez. |
| 260 |
_aSanto Domingo : _bAmigo del Hogar, _c2001. |
||
| 300 |
_a290 p. : _bil., retr. ; _c23 cm. |
||
| 500 | _aIncluye datos biográficos del autor en la solapa de la cubierta. | ||
| 600 | 1 | 4 |
_aHASBÚN, AMÍN ABEL, _d1942-1970 _938622 |
| 651 | 4 |
_aRepública Dominicana _xHistoria _9170 |
|
| 700 | 1 |
_aBáez, Higinio, _epról. _938623 |
|
| 910 | _aValidado. Control de calidad EMS. | ||
| 999 |
_c17282 _d17282 |
||